| 000 | 01470nam a2200337 c 4500 | ||
|---|---|---|---|
| 003 | BLK | ||
| 005 | 20250730102640.0 | ||
| 008 | 180408b bul|||||r ||||||| ||bul|| | ||
| 010 | _aKNG00076522000 | ||
| 020 |
_a978-954-528-737-4 _bиздат.: Труд |
||
| 040 | _aBLK | ||
| 041 |
_aBUL _cBUL |
||
| 080 |
_aРуска литература _b821.161.1 _x-312.4 _z821.161.1-312.4 |
||
| 100 | 1 |
_aВоронин, Андрей Николаевич _eпърви автор _9295408 |
|
| 700 | 1 |
_aГергова, Димитрина _eпрев. от рус. _9370650 |
|
| 139 |
_aВоронин, Андрей Николаевич _bВ 84 |
||
| 245 | 1 | 0 |
_aСлепия срещу маниака _bРоман _cАндрей Николаевич Воронин; прев. от рус. Димитрина Гергова. |
| 257 | _aRUS | ||
| 260 |
_аСофия _bТруд _c2007 _fСофия : Инвестрпрес |
||
| 300 |
_a288 с. _c21 см |
||
| 380 | _aX | ||
| 500 | _aБез сведение за ориг. загл. ; Ориг. загл. Слепой против маньяка. - Офс. изд. - Андрей Воронин - колективен лит. псевд. | ||
| 653 | _aтрилъри | ||
| 653 | _aромани | ||
| 852 | _aЦб 234989 | ||
| 856 | 4 |
_qpdf _u |
|
| 856 | 4 |
_qpdf _u |
|
| 942 |
_cKNG _n0 _024 |
||
| 944 |
_aCR _c26.07.2007 _lЦветелина Шанова _k30531 |
||
| 944 |
_aED _c17.12.2015 _lф / _kЛюдмила_Стоянова |
||
| 999 |
_c72148 _d72148 |
||